000 00733cam a22002293a 4500
001 32825
003 PGUSA
005 20140828083718.0
008 100615s2010||||xxu|||||s|||||000 1 eng d
040 _aPGUSA
_beng
042 _adc
050 4 _aPS
100 1 _aBradshaw, William Richard,
_d1851-1927
245 1 4 _aThe Goddess of Atvatabar :
_bBeing the history of the discovery of the interior world and conquest of Atvatabar
_h[electronic resource] /
_cWilliam Richard Bradshaw
260 _bProject Gutenberg,
_c2010
506 _aPublic domain in the USA.
516 _aElectronic text
653 _aScience fiction
830 0 _aProject Gutenberg
_v32825
856 4 0 _uhttp://www.gutenberg.org/ebooks/32825
942 _cEB
999 _c262080
_d262080